Standards of value: theory and applications. / (Record no. 8111)

MARC details
000 -LEADER
fixed length control field 01684cam a22003737i 4500
001 - CONTROL NUMBER
control field 17562901
003 - CONTROL NUMBER IDENTIFIER
control field OSt
005 - DATE AND TIME OF LATEST TRANSACTION
control field 20211125160055.0
008 - FIXED-LENGTH DATA ELEMENTS--GENERAL INFORMATION
fixed length control field 121214s2013 njud b 001 0 eng
010 ## - LIBRARY OF CONGRESS CONTROL NUMBER
LC control number 2012049070
020 ## - INTERNATIONAL STANDARD BOOK NUMBER
International Standard Book Number 9781118138533 (cloth)
040 ## - CATALOGING SOURCE
Original cataloging agency DLC
Language of cataloging eng
Transcribing agency LC
Description conventions rda
050 00 - LIBRARY OF CONGRESS CALL NUMBER
Classification number HF5681.V3.F57(2e)
082 00 - DEWEY DECIMAL CLASSIFICATION NUMBER
Classification number 657/.73
Edition number 23
100 1# - MAIN ENTRY--PERSONAL NAME
Personal name Fishman, Jay E.
245 10 - TITLE STATEMENT
Title Standards of value: theory and applications. /
Statement of responsibility, etc. Jay E. Fishman, Shannon P. Pratt, William J. Morrison.
250 ## - EDITION STATEMENT
Edition statement 2nd ed.
264 #1 - PRODUCTION, PUBLICATION, DISTRIBUTION, MANUFACTURE, AND COPYRIGHT NOTICE
Place of production, publication, distribution, manufacture Hoboken, New Jersey:
Name of producer, publisher, distributor, manufacturer John Wiley & Sons, Inc.,
Date of production, publication, distribution, manufacture, or copyright notice 2013.
300 ## - PHYSICAL DESCRIPTION
Extent xxix; 458 p.:
Other physical details charts ;
336 ## - CONTENT TYPE
Content type term text
Source rdacontent
337 ## - MEDIA TYPE
Media type term unmediated
Source rdamedia
338 ## - CARRIER TYPE
Carrier type term volume
Source rdacarrier
490 0# - SERIES STATEMENT
Series statement Wiley finance series
504 ## - BIBLIOGRAPHY, ETC. NOTE
Bibliography, etc. note Includes bibliographical references and index.
505 ## - FORMATTED CONTENTS NOTE
Formatted contents note Contents: Introduction -- Common standard and premises of value -- Fair market value in estate and gift tax -- Fair value in dissent and oppression -- Standards of value for partnership and limited liability company buyouts -- Standard of value in divorce -- Fair value in financial reporting --
650 #0 - SUBJECT ADDED ENTRY--TOPICAL TERM
Topical term or geographic name entry element Valuation.
650 #0 - SUBJECT ADDED ENTRY--TOPICAL TERM
Topical term or geographic name entry element Fair value
General subdivision Accounting.
700 1# - ADDED ENTRY--PERSONAL NAME
Personal name Pratt, Shannon P.
700 1# - ADDED ENTRY--PERSONAL NAME
Personal name Morrison, William J.
776 08 - ADDITIONAL PHYSICAL FORM ENTRY
Relationship information Online version:
Main entry heading Fishman, Jay E.
Title Standards of value
Edition Second edition.
Place, publisher, and date of publication Hoboken, New Jersey : John Wiley & Sons, Inc., [2013]
International Standard Book Number 9781118225400
Record control number (DLC) 2012051170
906 ## - LOCAL DATA ELEMENT F, LDF (RLIN)
a 7
b cbc
c orignew
d 1
e ecip
f 20
g y-gencatlg
942 ## - ADDED ENTRY ELEMENTS (KOHA)
Source of classification or shelving scheme Library of Congress Classification
Koha item type Books
Holdings
Withdrawn status Lost status Source of classification or shelving scheme Damaged status Not for loan Home library Current library Shelving location Date acquired Total Checkouts Full call number Barcode Date last seen Price effective from Koha item type
    Library of Congress Classification     WISCONSIN INTERNATIONAL UNIVERSITY COLLEGE, GHANA KUMASI LIBRARY WISCONSIN INTERNATIONAL UNIVERSITY COLLEGE, GHANA KUMASI LIBRARY General Stacks 07/11/2019   HF5681.V3.F57(2e) K/1489/1489/19 25/11/2021 25/11/2021 Books

If you have any concerns or questions; kindly contact the library


© Powered by WIUC ICT DIRECTORATE